00713nam a22002177a 450000500170000001000130001702000270003002000240005703500130008103700160009404000120011008200150012210000170013724500850015426000460023927000610028530000320034650000500037865000350042865000320046320170124110013.0 aB-228151 c00.00a139780195656426 c00.00a100195676424 aB-228151 bCen Lib/Ret aDPLbEN a332.6bLAL aLalita S.Som aStock market capitalization and corporate governance in india /cby Lalita S.Som aNew DelhibOxford University Press c2006 bNew Delhie110001aYMCA Library Building, Jai Singh Road axxvii,247p.c20cm(Hb)bill. aIncludes bibliographical references and index aCorporate governance -- India. aCapital market -- India.z